Classes in Diablo 2 Quiz - Statistics

General Stats
  • This quiz has been taken 22 times
  • The average score is 7 of 7
Answer Stats
Answer % Correct
Assassin
100%
Barbarian
100%
Druid
95%
Necromancer
95%
Paladin
95%
Amazon
89%
Sorceress
89%
No matching quizzes found
Score Distribution
Percent of People with Each Score
Percentile by Number Answered
Your Score History
You have not taken this quiz